000 01101nam a22002537a 4500
005 20170124102945.0
010 _aA-310759
020 _c50.00
_a8121400902
035 _aA-310759
037 _bCen Lib/Ret
040 _aDPL
_bHN
082 _a824
_bरामधा
100 _aरामधारी सिंह दिनकर
_949475
245 _aसंस्मरण और श्रद्धांजलियाँ /
_cरामधारी सिंह दिनकर
246 _aSansmaran aur shraddhanjliyan /
_bby Ramdhari Singh Dinkar
260 _aनयी दिल्ली
_bनेशनल पब्लिशिंग हाउस
_c1987
270 _bनयी दिल्ली
_a23, दरियागंज
_e110002
300 _a160पृ.
_c20सेमी (सजिल्द)
650 _aहिन्दी -- साहित्य
_949476
650 _aहिन्दी -- कहानियां
_949477
650 _aHindi -- literature
_949478
650 _aHindi - Stories
_949479
942 _2ddc
_cHN
_h824
_mरामधा
999 _c112861
_d112861